[Event "GBR-ch U1900 op 104th"]
[Site "Llandudno"]
[Date "2017.08.02"]
[Round "3"]
[White "Jazdzewski, Daniel"]
[Black "Pearcey, David F"]
[Result "1/2-1/2"]
[WhiteElo "1808"]
[BlackElo "1855"]
[PlyCount "100"]
[EventDate "2017.07.31"]
[EventType "swiss"]
[EventRounds "5"]
[EventCountry "WLS"]
[SourceTitle "EXT 2019"]
[Source "ChessBase"]
[SourceDate "2018.10.10"]
[SourceVersion "1"]
[SourceVersionDate "2018.10.10"]
[SourceQuality "1"]

1. Nf3 f5 2. g3 Nf6 3. Bg2 g6 4. d3 Bg7 5. Nbd2 0-0 6. e4 d6 7. 0-0 e5 8. exf5 Bxf5 9. Nh4 Bc8 10. Nc4 Nc6 11. Bg5 Be6 12. Qd2 Qd7 13. Rae1 Rae8 14. c3 Bh3 15. Re2 Bxg2 16. Kxg2 Ne7 17. Rfe1 Nc6 18. Nf3 Qf7 19. Bxf6 Bxf6 20. b4 Ne7 21. Na5 b6 22. Nb3 Bg7 23. Ng1 Nf5 24. f3 Bh6 25. Qd1 d5 26. Kf2 d4 27. cxd4 exd4 28. Rxe8 Rxe8 29. Rxe8+ Qxe8 30. Qe2 Be3+ 31. Kg2 Qc6 32. Nh3 Kf7 33. Nf2 Qc3 34. Ne4 Qxb4 35. Qc2 c5 36. f4 Ke7 37. Ng5 h6 38. Nf3 Nd6 39. Ne5 Qb5 40. Nxg6+ Kf6 41. Ne5 Qa6 42. Qe2 Nf5 43. Nd7+ Ke7 44. Ne5 Qb7+ 45. Kh3 Qc8 46. Qg4 Qe6 47. Ng6+ Kf7 48. Ne5+ Ke7 49. Ng6+ Kf7 50. Ne5+ Ke7 1/2-1/2